000
00313nam a22001337a 4500
008
190225b xxu||||| |||| 00| 0 eng d
020
_a
9780761530084
041
_a
eng
080
_a
159.9
100
_a
49
101
_a
PSI
245
_a
New Hope for People with Bipolar Disorder
_c
Fawcett, J
942
_2
udc
_c
BK
999
_c
54203
_d
54203